West End Girls Lyrics - Statistics

General Stats
  • This quiz has been taken 24 times
  • The average score is 246 of 305
Answer Stats
Answer % Correct
a
100%
A
100%
And
100%
Boys
100%
End
100%
Girls
100%
I
100%
The
100%
To
100%
West
100%
East
93%
in
93%
In
93%
Of
93%
So
93%
What
93%
At
86%
dead
86%
Dead
86%
When
86%
You
86%
better
79%
How
79%
If
79%
off
79%
Town
79%
Why
79%
World
79%
Got
71%
Have
71%
Much
71%
On
71%
Sometimes
71%
your
71%
Your
71%
you‘re
71%
You‘re
71%
Do
64%
From
64%
gun
64%
hand
64%
Hard
64%
Head
64%
Just
64%
Man
64%
Option
64%
Or
64%
Restaurant
64%
Soft
64%
There‘s
64%
Too
64%
Voices
64%
Chairs
57%
Down
57%
It
57%
Kicking
57%
Knocking
57%
Mad
57%
Many
57%
No
57%
pointing
57%
Police
57%
Running
57%
whispering
57%
Around
50%
Call
50%
Choose
50%
Dive
50%
Get
50%
Heart
50%
Often
50%
Tables
50%
Think
50%
Unstable
50%
Bar
43%
Choices
43%
Every
43%
Faces
43%
Future
43%
Glass
43%
it‘s
43%
Need
43%
Past
43%
Posters
43%
Station
43%
Stone
43%
Til
43%
Wait
43%
Which
43%
Been
36%
City
36%
Finland
36%
Geneva
36%
Here
36%
Last
36%
Shadows
36%
Today
36%
Underground
36%
We‘ve
36%
Built
29%
Home
29%
Nation
29%
Lake
21%
Far
14%
Ohh
0%
No matching quizzes found
Score Distribution
Percent of People with Each Score
Percentile by Number Answered
Your Score History
You have not taken this quiz